| 000 | 01341nam a22003617a 4500 | ||
|---|---|---|---|
| 999 |
_c5949 _d5949 |
||
| 003 | OSt | ||
| 005 | 20251204110307.0 | ||
| 008 | 251204b ||||| |||| 00| 0 eng d | ||
| 020 |
_a9781665917476 _q(paper over board) |
||
| 035 | _a22980967 | ||
| 040 |
_aDLC _beng _erda _cDLC _dDLC _dKH8 |
||
| 082 | _a813.6 GIB | ||
| 100 | 1 |
_aGibbs, Stuart _eauthor |
|
| 245 | 1 | 4 |
_aThe quest of danger _cStuart Gibbs ; illustrated by Stacy Curtis. |
| 250 | _aFirst edition | ||
| 264 | 1 |
_aNew York _bSimon & Schuster Books for Young Readers _c2023 |
|
| 300 |
_a162 PAGES _bblack and white illustration _c14 cm x 21 cm |
||
| 490 | 0 |
_aOnce upon a Tim _vbook 4 |
|
| 520 | _aKnight-in-training Tim and his friends flee the hazardous Sea of Terror and head toward the city of Atlantis in pursuit of King Neptuna's stolen trident. | ||
| 521 |
_aAges 7 to 10. _bSimon & Schuster Books for Young Readers. |
||
| 521 |
_aGrades 4-6. _bSimon & Schuster Books for Young Readers. |
||
| 650 | 1 |
_aKnights and knighthood _vFiction. |
|
| 650 | 1 |
_aQuests (Expeditions) _vFiction. |
|
| 650 | 1 |
_aSea monsters _vFiction. |
|
| 650 | 1 |
_aAtlantis (Legendary place) _vFiction. |
|
| 650 | 1 | _aSea stories. | |
| 650 | 1 | _aFantasy. | |
| 650 | 1 | _aHumorous stories. | |
| 655 | 7 | _afiction | |
| 655 | 7 | _afiction | |
| 700 | 1 |
_aCurtis, Stacy, _eillustrator. |
|
| 942 |
_2ddc _cFIC |
||